Phân tích các nhân tố ảnh hưởng đến khách hàng cá nhân tại các ngân hàng thương mại cổ phần trên địa bàn thành phố Cần Thơ : Luận văn thạc sĩ kinh tế. Chuyên ngành Tài chính - Ngân hàng
Phân tích mức độ của các nhân tố ảnh hưởng đến quyết định gởi tiền và lượng tiền gởi của khách hành cá nhân vào ngân hàng thương mại cổ phần tại thành phố Cần Thơ
Đã lưu trong:
| 主要作者: | |
|---|---|
| 格式: | 圖書 |
| 語言: | Undetermined |
| 出版: |
Cần Thơ
Trường Đại học Cần Thơ
2016
|
| 主題: | |
| 標簽: |
添加標簽
沒有標簽, 成為第一個標記此記錄!
|
| Thư viện lưu trữ: | Trung tâm Học liệu Trường Đại học Cần Thơ |
|---|
| LEADER | 01239nam a2200229Ia 4500 | ||
|---|---|---|---|
| 001 | CTU_212050 | ||
| 008 | 210402s9999 xx 000 0 und d | ||
| 082 | |a 332.12 | ||
| 082 | |b Nh565 | ||
| 088 | |a 60340201 | ||
| 100 | |a Trần, Minh Nhựt | ||
| 245 | 0 | |a Phân tích các nhân tố ảnh hưởng đến khách hàng cá nhân tại các ngân hàng thương mại cổ phần trên địa bàn thành phố Cần Thơ : | |
| 245 | 0 | |b Luận văn thạc sĩ kinh tế. Chuyên ngành Tài chính - Ngân hàng | |
| 245 | 0 | |c Trần Minh Nhựt ; Vương Quốc Duy (Cán bộ hướng dẫn) | |
| 260 | |a Cần Thơ | ||
| 260 | |b Trường Đại học Cần Thơ | ||
| 260 | |c 2016 | ||
| 520 | |a Phân tích mức độ của các nhân tố ảnh hưởng đến quyết định gởi tiền và lượng tiền gởi của khách hành cá nhân vào ngân hàng thương mại cổ phần tại thành phố Cần Thơ | ||
| 650 | |a Nghiệp vụ ngân hàng thương mại,Commercial banking | ||
| 904 | |i Nguyên | ||
| 910 | |a Khoa | ||
| 980 | |a Trung tâm Học liệu Trường Đại học Cần Thơ | ||